000 00629nam a2200217 a 4500
001 45778
003 BD-RjUL
005 20211209054051.0
008 160728s1945 enk 000 0 eng
035 _a(BD-RjUL)45896
040 _aDLC
_cCarP
_dDLC
_dBD-RjUL
_beng
041 _aeng
082 _223
_a340.941
_bMOD 1945
245 0 4 _aThe Modern law manual for practitioners /
_cGeneral editorship of N. P. Shannon
260 _aLondon :
_bSweet & Maxwell,
_c1945.
300 _alxi, 638 p. ;
_b26 cm.
650 _aLaw
_zGreat Britain.
_9140021
650 _aLaw.
_9140022
700 _aShannon, N. P.
_9140023
942 _2ddc
_cBK
999 _c45778
_d45778